00303nam a2200133Ia 4500008004100000020001500041041001200056082001600068100001400084245003800098260001300136300000800149650001200157221030s9999 xx 000 0 und d a8172451172 aEnglish a105.23bCho aR. Chopra 0aEncyclopedia Of General Knowledge aIndiac0 a856 aGeneral